000 01295naa a22003257a 4500
001 BR8204465
003 BR-BrBNA
005 20240918175139.0
007 ta
008 230509b bl.||||| |||| 00| 0 por d
040 _aBR-BrBNA
_bpor
_cBiblioteca Nacional de Agricultura
041 _a(Pt)
072 _aK50
_b3290
_b8912
090 _aK50 BR8204465
100 1 _aColodette, J.L.
111 1 _a15. Congresso Anual da Associacao Tecnica Brasileira de Celulose e Papel. Semana do Papel
_cSao Paulo, SP (Brazil)
_d22-26 Nov 1982
245 1 _aEstudo das caracteristicas da madeira e da polpa Kraft da Cryptomeria japonica D. Don [cedro japones]
260 3 _aSao Paulo, SP (Brasil):
_c1982.
500 _a15. Congresso Anual da Associacao Tecnica Brasileira de Celulose e Papel. Semana do Papel Sao Paulo, SP (Brasil): 1982. p. 139-153 (BR8204465-AM)K50
650 _aCEDRO JAPONES
650 _aMADEIRA
650 _aDENSIDADE
650 _aPOLPA
650 _aPROPRIEDADE FISICA
650 _aPROPRIEDADE MECANICA
650 _aMODELO MATEMATICO
773 0 _t15. Congresso Anual da Associacao Tecnica Brasileira de Celulose e Papel. Semana do Papel
_wK50 BR8204465
_gSao Paulo, SP (Brasil), 1982. p. 139-153
909 _a202404
_bLucia
_c55
_dLucia Elande
942 _cAM
_2AGRIS
999 _c315255
_d315255